00766nam a22001817a 4500003000900000008004100009040007100050082001800121100001800139245004900157260005400206300002800260505021900288650001700507650001400524650002700538700001900565AR-CdUCM190223b ||||| |||| 00| 0 spa d aMUNICIPALIDAD PROVINCIAL DEL CUSCOcBIBLIOTECA MUNICIPAL DEL CUSCO a376.51 /bC97 aCurti, Merle  aLa filantropía y la educación superior / aMéxico :bEditorial Limusa - Wiley, S.A,c1967. a373 páginas ;c23 cm. aDe john Harvard a thomas Hollis -- Los colegios superiores en las colonias -- La proliferación de los colegios superiores -- Hacia una educación superior mas practica -- Las escuelas superiores para mujeres ... aEducación. aColegios. aEscuelas para mujeres. aNash, Roderick